Science Quiz

Random Science or Toys Quiz

Rubber Ducks as Other Animals II Quiz Stats

Quiz Updated May 11, 2017

Challenge
Share
Tweet
Score 0/15 Timer 03:00
4 Plays Today
% Correct
Penguin
98.8%
Giraffe
98.7%
Pig
98.4%
Dragon
98%
Monkey
97.7%
Chicken
97.4%
Unicorn
96.5%
Kangaroo
96.5%
% Correct
Dolphin
96.1%
Rabbit
96%
Macaw
94.2%
Giant Panda
93.7%
Cobra
93.5%
Tortoise
87.9%
Crocodile
78.5%

You're not logged in!

Compare scores with friends on all Sporcle quizzes.
Sign Up with Email
OR
Log In

You Might Also Like...

Show Comments

Extras

Top Quizzes Today


Score Distribution

Your Account Isn't Verified!

In order to create a playlist on Sporcle, you need to verify the email address you used during registration. Go to your Sporcle Settings to finish the process.